Loving God with our minds : (Record no. 6551)
[ view plain ]
| 000 -LEADER | |
|---|---|
| fixed length control field | 00709cam a22002054a 4500 |
| 001 - CONTROL NUMBER | |
| control field | 13738150 |
| 005 - DATE AND TIME OF LATEST TRANSACTION | |
| control field | 20250617133321.0 |
| 008 - FIXED-LENGTH DATA ELEMENTS--GENERAL INFORMATION | |
| fixed length control field | 041001s2004 miua b 010 0 eng |
| 020 ## - INTERNATIONAL STANDARD BOOK NUMBER | |
| International Standard Book Number | 0802828574 (cloth : alk. paper) |
| 050 00 - LIBRARY OF CONGRESS CALL NUMBER | |
| Classification number | BR50 |
| Item number | .L68 2004 |
| 082 00 - DEWEY DECIMAL CLASSIFICATION NUMBER | |
| Classification number | 230 |
| Edition information | 22 |
| 245 00 - TITLE STATEMENT | |
| Title | Loving God with our minds : |
| Remainder of title | the pastor as theologian : essays in honor of Wallace M. Alston / |
| Statement of responsibility, etc. | edited by Michael Welker and Cynthia A. Jarvis. |
| 260 ## - PUBLICATION, DISTRIBUTION, ETC. | |
| Place of publication, distribution, etc. | Grand Rapids, Mich. : |
| Name of publisher, distributor, etc. | W.B. Eerdmans Pub. Co., |
| Date of publication, distribution, etc. | c2004. |
| 300 ## - PHYSICAL DESCRIPTION | |
| Extent | xiii, 383 p. : |
| Other physical details | ill. ; |
| Dimensions | 25 cm. |
| 650 #0 - SUBJECT ADDED ENTRY--TOPICAL TERM | |
| Topical term or geographic name entry element | Theology. |
| 700 1# - ADDED ENTRY--PERSONAL NAME | |
| Personal name | Alston, Wallace M., |
| Dates associated with a name | 1934- |
| 700 1# - ADDED ENTRY--PERSONAL NAME | |
| Personal name | Welker, Michael, |
| Dates associated with a name | 1947- |
| 700 1# - ADDED ENTRY--PERSONAL NAME | |
| Personal name | Jarvis, Cynthia A. |
| 942 ## - ADDED ENTRY ELEMENTS (KOHA) | |
| Source of classification or shelving scheme | Library of Congress Classification |
| Koha item type | Books |
| Suppress in OPAC | No |
| 999 ## - | |
| -- | 6551 |
| -- | 6551 |
| Withdrawn status | Lost status | Source of classification or shelving scheme | Damaged status | Not for loan | Collection | Home library | Current library | Shelving location | Date acquired | Total checkouts | Full call number | Barcode | Date last seen | Copy number | Price effective from | Koha item type |
|---|---|---|---|---|---|---|---|---|---|---|---|---|---|---|---|---|
| Library of Congress Classification | Non-fiction | Undergraduate Library (Christ Temple) | Undergraduate Library (Christ Temple) | General stacks | 06/17/2025 | BR50.L68 LOV | ulct00003405 | 06/17/2025 | 1 | 06/17/2025 | Books |